00767nam a2200193 a 450000100060000000300090000600800410001504000280005608200180008410000290010224500880013126000660021930000070028550501750029265000270046765000130049465000320050765000340053922461CO-ViMGA141112s2004 ck r 000 u spa d aCO-ViMGAbspacCO-ViMGA04a658.401 L167p1 aLaos Sudea, Jose Aldemar10aPlan de negocios : bHerramienta fundamental para las empresas con miras a exportar aVillavicencio : bUniversidad Cooperativa de Colombia, c2005 a60 a¿Que es un plan de negocios? 9 - - Contenido plan de negocios 11 - - Equipo de trabajo 27 - - Plan de mercado 31 - - Organización empresarial y sistema de negocio 37 14aCOMERCIO INTERNACIONAL14aNEGOCIOS14aPLANIFICACIÓN EMPRESARIAL14aPLANIFICACIóN ESTRATEGICá